000 00441nam a22002057a 4500
003 UA-OsUOA
001 42350
007 ta
008 20081223b un ||||| |||| 00| 0 ukr d
090 _a050
942 _cNP
040 _aUA-OsUOA
_bukr
_cUA-OsUOA
_dUA-OsUOA
245 _aСвобода
955 _a4
041 _aukr
080 _a050
310 _aП'ятниця, 21 листопада, №47
650 7 _2UDC
999 _c440846
_d440846